00823nam a22002537a 4500999001500000001000600015003000900021005001700030008004100047020001800088040003800106082001900144100001900163245008400182250001300266260004700279300003200326650001600358650002200374650002200396700002200418942001200440952011700452 c1225d122514241BD-DhUAP20200204104417.0200204s2009 ii ||||| |||| 00| 0 eng d a9789380231150 aBD-DhUAPbEngcBD-DhUAPdBD-DhUAP 223a349.54 DIW aDiwan, Paras.  aModern Hindu law : bcodified and uncodified /cParas Diwan and Peeyushi Diwan. a20th ed. aFaridabad :bAllahabad Law Agency,cc2009. axlviii, 610 pages ;c24 cm. aLawzIndia. aHindu lawzIndia. aModern Hindu law. aDiwan, Peeyushi.  2ddccBK 00102ddc4070aUAPCLbUAPCLcGeneral Stacksd2020-02-04o349.54 DIWp3010014241r2020-02-04t1w2020-02-04yBK